[Event "SUI-ch (Women)"]
[Site "Leukerbad"]
[Date "2002.07.12"]
[Round "2"]
[White "Stoeckli, Beatrice"]
[Black "Bohrer, Ruth"]
[Result "0-1"]
[WhiteElo "1763"]
[BlackElo "1877"]
[PlyCount "38"]
[EventDate "2002.07.11"]
[EventType "tourn"]
[EventRounds "9"]
[EventCountry "SUI"]
[SourceTitle "CBM 089 Extra"]
[Source "ChessBase"]
[SourceDate "2002.09.10"]
[SourceVersion "2"]
[SourceVersionDate "2002.09.10"]
[SourceQuality "1"]

1. d4 d5 2. Nf3 Bf5 3. e3 c6 4. c4 Nd7 5. cxd5 cxd5 6. Qb3 Nb6 7. Nc3 Nf6 8. Ne5 a6 9. a4 e6 10. a5 Nbd7 11. Qxb7 Nxe5 12. dxe5 Nd7 13. f4 Be7 14. Bxa6 0-0 15. Na4 Qxa5+ 16. Bd2 Qxa6 17. Qb3 Bg4 18. Kf2 Bh4+ 19. g3 Qe2+ 0-1